| 000 | 00897naa a2200253 c 4500 | ||
|---|---|---|---|
| 001 | 36780 | ||
| 003 | ES-MaCES | ||
| 005 | 20150925135401.0 | ||
| 008 | 060703n2005 fr t 000 | fre d | ||
| 035 | _aCES20060010506v | ||
| 040 |
_aES-MaCES _bspa _cES-MaCES |
||
| 100 | 1 |
_aMartín, Gilles _917664 |
|
| 245 | 1 | 0 |
_aEnvironnement et concurrence _b: approche en droit de l'environnement _cGilles Martin |
| 650 | 4 |
_aestrategia de gestión _930591 |
|
| 650 | 4 |
_aderecho medioambiental _930801 |
|
| 653 | 1 | 0 | _aMedio ambiente |
| 650 | 4 |
_928178 _aempresa |
|
| 650 | 4 |
_927897 _acompetencia |
|
| 650 | 4 |
_928715 _amedio ambiente |
|
| 773 | 0 |
_tRevue de la concurrence et de la consommation _gsuppl. au nº. 144 (janv.-févr. 2006){10489 R. 064344}; p. 13-16 _w(ES-MaCES)25494 _961631 |
|
| 902 | _aART Artículo de revista | ||
| 942 |
_2CES _cAR _h4.2. |
||
| 999 |
_c36780 _d36780 |
||